Embriología médica (Registro nro. 12958)
[ vista simple ]
| 000 -CABECERA | |
|---|---|
| Longitud fija campo de control | 01204nam a2200313 a 4500 |
| 001 - NÚMERO DE CONTROL | |
| Número de control | ES-MaREB00995701-6 |
| 003 - IDENTIFICADOR DELl NÚMERO DE CONTROL | |
| Identificador del número de control | OSt |
| 005 - FECHA Y HORA DE LA ÚLTIMA TRANSACCIÓN | |
| Fecha y hora de la última transacción | 20140813213002.0 |
| 008 - CÓDIGOS DE INFORMACIÓN DE LONGITUD FIJA | |
| Códigos de información de longitud fija | 090429s2008 ag a 001 0 spa c |
| 020 ## - NÚMERO INTERNACIONAL NORMALIZADO PARA LIBROS | |
| Número Internacional Normalizado para Libros (ISBN) | 84-7903-655-9 |
| 040 ## - FUENTE DE LA CATALOGACIÓN | |
| Centro transcriptor | BMC |
| 082 ## - NÚMERO DE LA CLASIFICACIÓN DECIMAL DEWEY | |
| Númeroo de clasificación | 612.64 |
| 100 1# - PUNTO DE ACCESO PRINCIPAL-NOMBRE DE PERSONA | |
| 9 (RLIN) | 4318 |
| Nombre de persona | Sadler, Thomas W. |
| 245 10 - MENCIÓN DE TÍTULO | |
| Título | Embriología médica |
| Resto del título | : con orientación clínica |
| Mención de responsabilidad, etc. | T.W. Sadler ; ilustraciones, Jill Leland, Susan L. Sadler-Redmond ; micrografías electrónicas de barrido por Kathleen K. Sulik y Jennifer Burgoon ; imágenes de ultrasonido, Nancy Chescheir |
| 250 ## - MENCIÓN DE EDICIÓN | |
| Mención de edición | 8ª ed., 2ª reimp |
| 260 ## - PUBLICACIÓN, DISTRIBUCIÓN, ETC. (PIE DE IMPRENTA) | |
| Lugar de publicación, distribución, etc. | Buenos Aires [etc.] |
| Nombre del editor, distribuidor, etc. | Editorial Médica Panamericana |
| Fecha de publicación, distribución, etc. | 2002 |
| 300 ## - DESCRIPCIÓN FÍSICA | |
| Extensión | X, 386 p. |
| Otras características físicas | il. col. |
| Dimensiones | 21 cm |
| 505 ## - NOTA DE CONTENIDO CON FORMATO | |
| Nota de contenido con formato | Precede al tít.: Langman |
| 594 ## - NOTA AL TÍTULO Y MENCIÓN DE RESPONSABIBLIDAD | |
| Nota Al Título Y Mención De Responsabilidad | Traducción de: Langman's medical embryology, 8th ed. |
| 650 24 - PUNTO DE ACCESO ADICIONAL DE MATERIA - TÉRMINO DE MATERIA | |
| Término de materia o nombre geográfico como elemento inicial | Embriología humana |
| 9 (RLIN) | 4344 |
| 700 1# - PUNTO DE ACCESO ADICIONAL - NOMBRE DE PERSONA | |
| Nombre de persona | Langman, Jan |
| 9 (RLIN) | 4345 |
| 700 1# - PUNTO DE ACCESO ADICIONAL - NOMBRE DE PERSONA | |
| Nombre de persona | Leland, Jill |
| 9 (RLIN) | 23758 |
| 700 1# - PUNTO DE ACCESO ADICIONAL - NOMBRE DE PERSONA | |
| Nombre de persona | Sadler-Redmond, Susan L. |
| 9 (RLIN) | 23759 |
| 700 1# - PUNTO DE ACCESO ADICIONAL - NOMBRE DE PERSONA | |
| Nombre de persona | Sulik, Kathleen K. |
| 9 (RLIN) | 23760 |
| 700 1# - PUNTO DE ACCESO ADICIONAL - NOMBRE DE PERSONA | |
| Nombre de persona | Burgoon, Jennifer |
| 9 (RLIN) | 23761 |
| 700 1# - PUNTO DE ACCESO ADICIONAL - NOMBRE DE PERSONA | |
| Nombre de persona | Chescheir, Nancy |
| 9 (RLIN) | 23762 |
| 740 0# - PUNTO DE ACCESO ADICIONAL - TÍTULO RELACIONADO O ANALÍTICO NO CONTROLADO | |
| Título relacionado o analítico no controlado | Langman embriología médica : con orientación médica |
| 942 ## - ENTRADA DE ELEMENTOS AGREGADOS (KOHA) | |
| Fuente de clasificaión o esquema | Dewey Decimal Classification |
| Koha [por defecto] tipo de item | 1- Monografias |
| Suprimido | Perdido | Fuente de clasificación o esquema | Estropeado | Restricciones de uso | No para préstamo | Código de colección | Localización permanente | Localización actual | Localización en estanter&íacute;as | Fecha adquisición | Fuente de adquisición | Número de inventario | Préstamos totales | Signatura completa | Código de barras | Fecha última consulta | Fecha último préstamo | Coste, precio reemplazado | Fecha del precio de reemplazo | Tipo de item de Koha |
|---|---|---|---|---|---|---|---|---|---|---|---|---|---|---|---|---|---|---|---|---|
| NULL | NULL | Dewey Decimal Classification | NULL | Prestable | NULL | NULL | Biblioteca Miguel de Cervantes - UNICAES | Biblioteca Miguel de Cervantes - UNICAES | Sala Principal | 03/09/2003 | Donación - Facultad de Ciencias y Humanidades | 020386 | 19 | 612.64 SAN emb | 1020742 | 04/03/2025 | 18/02/2025 | 24.00 | 12/08/2014 | 1- Monografias |